000 00450nam a22001697a 4500
005 20160527111248.0
008 160527b xxu||||| |||| 00| 0 eng d
020 _a81-297-0453-6
041 _aeng
082 _b5428
100 _aLovelock, Christopher and other
_91352
245 _aServices Marketing , People Technology, Strategy
260 _aNew Delhi
_bAcademic Faundation
_c2004
300 _a639
650 _aManagement
_9241
942 _cBK
999 _c1932
_d1931